[Event "TeamRussiawomen"]
[Site "?"]
[Date "2016.10.05"]
[Round "2.12"]
[White "Belenkaya, Dina"]
[Black "Potapova, Margarita"]
[Result "1-0"]
[LiveChessVersion "1.4.4"]
[BlackElo "2002"]
[WhiteElo "2172"]

1. e4 {[%clk 0:15:19]} c5 {[%clk 0:15:18]} 2. Nf3 {[%clk 0:15:28]} e6
{[%clk 0:15:24]} 3. c4 {[%clk 0:15:36]} Nc6 {[%clk 0:15:31]} 4. Nc3
{[%clk 0:15:45]} Nd4 {[%clk 0:15:38]} 5. Nxd4 {[%clk 0:15:51]} cxd4
{[%clk 0:15:47]} 6. Ne2 {[%clk 0:15:45]} e5 {[%clk 0:15:55]} 7. Ng3
{[%clk 0:15:54]} g6 {[%clk 0:15:59]} 8. d3 {[%clk 0:15:59]} h5 {[%clk 0:15:25]}
9. Be2 {[%clk 0:15:54]} h4 {[%clk 0:15:26]} 10. Nf1 {[%clk 0:16:02]} Bb4+
{[%clk 0:15:28]} 11. Nd2 {[%clk 0:15:23]} Nf6 {[%clk 0:12:17]} 12. a3
{[%clk 0:15:15]} Be7 {[%clk 0:12:07]} 13. Nf3 {[%clk 0:13:51]} d6
{[%clk 0:12:04]} 14. Bd2 {[%clk 0:13:44]} Bd7 {[%clk 0:11:55]} 15. h3
{[%clk 0:13:40]} a5 {[%clk 0:11:46]} 16. b3 {[%clk 0:13:25]} Nh5 {[%clk 0:11:40]}
17. Nh2 {[%clk 0:11:52]} Bg5 {[%clk 0:11:17]} 18. Bxh5 {[%clk 0:07:50]} Rxh5
{[%clk 0:11:22]} 19. Nf3 {[%clk 0:07:55]} Be7 {[%clk 0:11:06]} 20. Qe2
{[%clk 0:07:32]} b5 {[%clk 0:10:45]} 21. O-O {[%clk 0:07:27]} Kf8
{[%clk 0:09:46]} 22. Ne1 {[%clk 0:07:19]} Rb8 {[%clk 0:08:40]} 23. f4
{[%clk 0:07:19]} bxc4 {[%clk 0:08:15]} 24. bxc4 {[%clk 0:07:18]} Rb2
{[%clk 0:07:12]} 25. fxe5 {[%clk 0:07:07]} Kg8 {[%clk 0:04:19]} 26. exd6
{[%clk 0:06:02]} Bxd6 {[%clk 0:04:10]} 27. Bxa5 {[%clk 0:03:10]} Qb8
{[%clk 0:02:18]} 28. Qf3 {[%clk 0:03:08]} Be6 {[%clk 0:02:14]} 29. Bb4
{[%clk 0:03:11]} Bg3 {[%clk 0:02:02]} 30. Rd1 {[%clk 0:01:54]} Qc8
{[%clk 0:01:39]} 31. Rd2 {[%clk 0:01:57]} Rb1 {[%clk 0:01:43]} 32. Rd1
{[%clk 0:01:54]} Rb2 {[%clk 0:01:50]} 33. Rd2 {[%clk 0:02:01]} Rb1
{[%clk 0:01:58]} 34. Nc2 {[%clk 0:02:05]} Rxf1+ {[%clk 0:01:55]} 35. Qxf1
{[%clk 0:02:12]} Qd8 {[%clk 0:01:43]} 36. Re2 {[%clk 0:02:13]} Kg7
{[%clk 0:01:12]} 37. Bd2 {[%clk 0:02:17]} Qd6 {[%clk 0:01:20]} 38. Nb4
{[%clk 0:02:03]} Ra5 {[%clk 0:00:54]} 39. Bc1 {[%clk 0:01:38]} f6
{[%clk 0:00:34]} 40. Nd5 {[%clk 0:01:43]} Bxd5 {[%clk 0:00:25]} 41. exd5
{[%clk 0:01:53]} Be5 {[%clk 0:00:28]} 42. Qe1 {[%clk 0:01:59]} Ra8
{[%clk 0:00:29]} 43. Qxh4 {[%clk 0:01:56]} Rh8 {[%clk 0:00:35]} 44. Qg4
{[%clk 0:02:00]} Rh5 {[%clk 0:00:39]} 45. Qe6 {[%clk 0:01:58]} Qxe6
{[%clk 0:00:20]} 46. dxe6 {[%clk 0:02:06]} Kf8 {[%clk 0:00:27]} 47. Bb2
{[%clk 0:01:56]} Rh7 {[%clk 0:00:32]} 48. Re4 {[%clk 0:01:46]} Rb7
{[%clk 0:00:25]} 49. Bxd4 {[%clk 0:01:52]} Bg3 {[%clk 0:00:21]} 50. Bc5+
{[%clk 0:01:55]} Ke8 {[%clk 0:00:27]} 51. Bb4 {[%clk 0:02:02]} f5
{[%clk 0:00:34]} 52. Re2 {[%clk 0:02:08]} Rc7 {[%clk 0:00:33]} 53. Re3
{[%clk 0:02:10]} f4 {[%clk 0:00:37]} 54. Re4 {[%clk 0:02:15]} g5 {[%clk 0:00:41]}
55. Kf1 {[%clk 0:02:24]} Rh7 {[%clk 0:00:46]} 56. Re5 {[%clk 0:01:58]} g4
{[%clk 0:00:46]} 57. Rg5 {[%clk 0:02:06]} Rh8 {[%clk 0:00:40]} 58. Rxg4 Kd8
{[%clk 0:00:45]} 59. Rg7 {[%clk 0:02:16]} Re8 {[%clk 0:00:45]} 60. e7+
{[%clk 0:02:13]} Kd7 {[%clk 0:04:23]} 61. Rf7 {[%clk 0:02:17]} Bh2
{[%clk 0:00:54]} 62. Rf8 {[%clk 0:02:22]} 1-0

[Event "TeamRussiawomen"]
[Site "?"]
[Date "2016.10.05"]
[Round "3.1"]
[White "Kovalevskaya, Ekaterina"]
[Black "Vasilevich, Tatjana"]
[Result "1/2-1/2"]
[LiveChessVersion "1.4.4"]
[BlackElo "2400"]
[WhiteElo "2359"]

1. Nf3 {[%clk 0:15:17]} d5 {[%clk 0:15:19]} 2. g3 {[%clk 0:15:10]} b5
{[%clk 0:15:28]} 3. Bg2 Bb7 4. O-O {[%clk 0:15:21]} Nf6 {[%clk 0:15:47]} 5. d3
{[%clk 0:14:28]} e6 {[%clk 0:15:54]} 6. e4 {[%clk 0:13:20]} Be7 {[%clk 0:15:49]}
7. e5 {[%clk 0:11:15]} Nfd7 {[%clk 0:15:54]} 8. d4 {[%clk 0:11:24]} c5
{[%clk 0:15:53]} 9. c3 {[%clk 0:11:32]} Nc6 {[%clk 0:15:47]} 10. h4
{[%clk 0:11:31]} h6 {[%clk 0:13:25]} 11. Be3 {[%clk 0:11:19]} g5 {[%clk 0:12:54]}
12. h5 {[%clk 0:07:27]} Qb6 {[%clk 0:12:40]} 13. a3 {[%clk 0:06:46]} O-O-O
{[%clk 0:12:10]} 14. b4 {[%clk 0:06:27]} c4 {[%clk 0:12:04]} 15. a4
{[%clk 0:06:16]} a6 {[%clk 0:12:11]} 16. Nbd2 {[%clk 0:06:11]} Rdf8
{[%clk 0:10:12]} 17. Nh2 {[%clk 0:05:55]} f5 {[%clk 0:09:59]} 18. exf6
{[%clk 0:05:59]} Nxf6 {[%clk 0:09:59]} 19. Bh3 {[%clk 0:06:05]} Kd7
{[%clk 0:07:43]} 20. axb5 {[%clk 0:05:32]} axb5 {[%clk 0:07:51]} 21. Qe2
{[%clk 0:05:34]} Bc8 {[%clk 0:07:18]} 22. Nhf3 {[%clk 0:03:55]} Kc7
{[%clk 0:05:04]} 23. Ne5 {[%clk 0:03:58]} Rhg8 {[%clk 0:05:00]} 24. Nxc6
{[%clk 0:02:39]} Kxc6 {[%clk 0:04:46]} 25. Nf3 {[%clk 0:02:43]} Ne4
{[%clk 0:03:06]} 26. Ne5+ {[%clk 0:02:51]} Kd6 {[%clk 0:03:15]} 27. Qb2
{[%clk 0:02:52]} Bb7 {[%clk 0:02:59]} 28. Ra5 {[%clk 0:02:55]} Bf6
{[%clk 0:02:38]} 29. Bg2 {[%clk 0:02:44]} Kc7 {[%clk 0:00:53]} 30. Bxe4
{[%clk 0:01:43]} dxe4 {[%clk 0:01:01]} 31. Rfa1 {[%clk 0:01:46]} Ra8
{[%clk 0:00:50]} 32. Ng4 {[%clk 0:01:45]} Bg7 {[%clk 0:00:42]} 33. Ne5
{[%clk 0:00:58]} Bd5 {[%clk 0:00:32]} 34. Ng6 {[%clk 0:00:37]} Rge8
{[%clk 0:00:26]} 35. Ne5 {[%clk 0:00:30]} Qb7 {[%clk 0:00:24]} 36. Ng6
{[%clk 0:00:32]} Qb6 {[%clk 0:00:33]} 37. Ne5 {[%clk 0:00:41]} Qb7
{[%clk 0:00:42]} 38. Ng6 {[%clk 0:00:49]} 1/2-1/2

[Event "TeamRussiawomen"]
[Site "?"]
[Date "2016.10.05"]
[Round "3.2"]
[White "Gritsayeva, Oksana"]
[Black "Pustovoitova, Daria"]
[Result "0-1"]
[LiveChessVersion "1.4.4"]
[BlackElo "2434"]
[WhiteElo "2330"]

1. e4 {[%clk 0:15:19]} e6 {[%clk 0:15:19]} 2. d4 {[%clk 0:15:28]} d5
{[%clk 0:15:28]} 3. Nd2 {[%clk 0:15:37]} Nf6 {[%clk 0:15:33]} 4. Bd3
{[%clk 0:15:31]} c5 {[%clk 0:15:17]} 5. c3 {[%clk 0:14:48]} cxd4 {[%clk 0:15:01]}
6. cxd4 {[%clk 0:14:57]} dxe4 {[%clk 0:15:09]} 7. Nxe4 {[%clk 0:15:05]} Bb4+
{[%clk 0:11:41]} 8. Nc3 {[%clk 0:15:12]} O-O {[%clk 0:11:25]} 9. Nf3
{[%clk 0:15:22]} Nc6 {[%clk 0:11:33]} 10. O-O {[%clk 0:15:24]} Qa5
{[%clk 0:10:22]} 11. Qb3 {[%clk 0:13:07]} Rd8 {[%clk 0:10:20]} 12. Be3
{[%clk 0:13:10]} h6 {[%clk 0:08:43]} 13. Rfd1 {[%clk 0:12:28]} b6
{[%clk 0:08:32]} 14. a3 {[%clk 0:12:11]} Bxc3 {[%clk 0:08:39]} 15. bxc3
{[%clk 0:12:15]} Ba6 {[%clk 0:08:47]} 16. c4 {[%clk 0:11:26]} Rac8
{[%clk 0:08:42]} 17. Rac1 {[%clk 0:11:27]} Qh5 {[%clk 0:12:24]} 18. h3
{[%clk 0:11:14]} Na5 {[%clk 0:08:49]} 19. Qb4 {[%clk 0:11:12]} Ne8
{[%clk 0:08:07]} 20. Kh2 {[%clk 0:10:11]} Nc6 {[%clk 0:07:59]} 21. Qa4
{[%clk 0:10:07]} Qa5 {[%clk 0:08:04]} 22. Qb3 {[%clk 0:10:10]} Nf6
{[%clk 0:04:02]} 23. Kg1 {[%clk 0:07:17]} Bb7 {[%clk 0:03:44]} 24. Bb1
{[%clk 0:06:45]} Ne7 {[%clk 0:03:34]} 25. Ne5 {[%clk 0:06:37]} Be4
{[%clk 0:03:09]} 26. Ba2 {[%clk 0:06:13]} Nf5 {[%clk 0:03:12]} 27. Qb4
{[%clk 0:06:04]} Qa6 {[%clk 0:03:07]} 28. Bb1 {[%clk 0:04:42]} Qb7
{[%clk 0:02:56]} 29. Bxe4 {[%clk 0:04:27]} Qxe4 {[%clk 0:03:04]} 30. Qd2
{[%clk 0:04:07]} Rd6 {[%clk 0:02:15]} 31. Qc2 {[%clk 0:03:01]} Rcd8
{[%clk 0:01:34]} 32. Qxe4 {[%clk 0:02:27]} Nxe4 {[%clk 0:01:42]} 33. Nf3
{[%clk 0:02:34]} Rc8 {[%clk 0:01:10]} 34. Rc2 {[%clk 0:01:53]} f6
{[%clk 0:01:16]} 35. Kf1 {[%clk 0:01:58]} Rdc6 {[%clk 0:01:23]} 36. Rdc1
{[%clk 0:02:01]} Nfd6 {[%clk 0:01:29]} 37. c5 {[%clk 0:01:56]} bxc5
{[%clk 0:01:38]} 38. dxc5 {[%clk 0:02:05]} Nf5 {[%clk 0:01:46]} 39. Nd4
{[%clk 0:01:54]} Nxe3+ {[%clk 0:01:51]} 40. fxe3 {[%clk 0:02:03]} Rxc5
{[%clk 0:02:00]} 41. Rxc5 {[%clk 0:02:01]} Rxc5 {[%clk 0:02:09]} 42. Rxc5
{[%clk 0:01:25]} Nxc5 {[%clk 0:02:18]} 43. Ke2 {[%clk 0:01:31]} Kf7
{[%clk 0:02:26]} 44. Kd2 {[%clk 0:01:34]} a6 {[%clk 0:02:26]} 45. Kc3
{[%clk 0:01:39]} Ke7 {[%clk 0:02:44]} 46. Kb4 {[%clk 0:01:36]} Kd6 47. Kc4
{[%clk 0:01:29]} g6 {[%clk 0:02:45]} 48. Ne2 {[%clk 0:01:26]} Ne4
{[%clk 0:02:29]} 49. Kb4 {[%clk 0:01:24]} Nd2 {[%clk 0:01:47]} 50. a4
{[%clk 0:00:52]} e5 {[%clk 0:01:20]} 51. Nc3 {[%clk 0:00:47]} f5 {[%clk 0:01:28]}
52. Ka5 {[%clk 0:00:36]} Kc5 {[%clk 0:01:24]} 53. Kxa6 {[%clk 0:00:37]} Kb4
{[%clk 0:01:33]} 54. Nd5+ {[%clk 0:00:40]} Kxa4 {[%clk 0:01:39]} 55. Ne7
{[%clk 0:00:31]} Nc4 {[%clk 0:01:44]} 56. Nxg6 {[%clk 0:00:36]} e4
{[%clk 0:01:53]} 57. Nf4 {[%clk 0:00:26]} Kb4 {[%clk 0:01:32]} 58. h4
{[%clk 0:00:21]} Kc5 {[%clk 0:00:57]} 59. Ne6+ {[%clk 0:00:12]} Kd6
{[%clk 0:00:53]} 60. Nf4 {[%clk 0:00:21]} Nxe3 {[%clk 0:00:59]} 61. Kb5
{[%clk 0:00:28]} Ke5 {[%clk 0:01:05]} 62. Ng6+ {[%clk 0:00:19]} Kd4
{[%clk 0:01:14]} 63. Nf4 {[%clk 0:00:27]} Nd5 {[%clk 0:01:09]} 64. Ne6+
{[%clk 0:00:22]} Ke5 {[%clk 0:01:08]} 65. Nc5 {[%clk 0:00:28]} Ne3
{[%clk 0:01:08]} 0-1

[Event "TeamRussiawomen"]
[Site "?"]
[Date "2016.10.05"]
[Round "3.3"]
[White "Vasilevich, Irina"]
[Black "Ruchieva, Natalia"]
[Result "1-0"]
[LiveChessVersion "1.4.4"]
[BlackElo "2247"]
[WhiteElo "2230"]

1. c4 {[%clk 0:15:18]} e5 {[%clk 0:15:17]} 2. Nc3 {[%clk 0:15:25]} Nc6
{[%clk 0:15:20]} 3. g3 {[%clk 0:15:32]} d6 {[%clk 0:15:20]} 4. Bg2
{[%clk 0:15:40]} g6 {[%clk 0:14:50]} 5. Rb1 {[%clk 0:15:46]} Bg7 {[%clk 0:14:53]}
6. b4 {[%clk 0:15:53]} Nf6 {[%clk 0:13:46]} 7. e3 {[%clk 0:15:46]} O-O
{[%clk 0:12:46]} 8. d3 {[%clk 0:15:29]} Bg4 {[%clk 0:11:50]} 9. Nge2
{[%clk 0:15:05]} Qd7 {[%clk 0:11:45]} 10. b5 {[%clk 0:14:51]} Nd8
{[%clk 0:11:31]} 11. h3 {[%clk 0:14:14]} Be6 {[%clk 0:11:25]} 12. Nd5
{[%clk 0:13:57]} c6 {[%clk 0:11:02]} 13. bxc6 {[%clk 0:13:52]} bxc6
{[%clk 0:11:00]} 14. Nxf6+ {[%clk 0:13:56]} Bxf6 {[%clk 0:11:07]} 15. Ba3
{[%clk 0:13:44]} Bg7 {[%clk 0:10:06]} 16. h4 {[%clk 0:11:32]} h5 {[%clk 0:09:01]}
17. Nc3 {[%clk 0:09:17]} Re8 {[%clk 0:08:40]} 18. Ne4 {[%clk 0:08:55]} Nb7
{[%clk 0:06:01]} 19. O-O {[%clk 0:03:59]} d5 {[%clk 0:04:36]} 20. Ng5
{[%clk 0:03:54]} Bg4 {[%clk 0:03:12]} 21. Qb3 {[%clk 0:03:37]} Na5
{[%clk 0:01:48]} 22. Qa4 {[%clk 0:03:45]} Qc7 {[%clk 0:01:43]} 23. cxd5
{[%clk 0:03:40]} Be2 {[%clk 0:01:38]} 24. Bb4 {[%clk 0:03:07]} Nb7
{[%clk 0:01:09]} 25. Rfc1 {[%clk 0:02:44]} c5 {[%clk 0:00:51]} 26. d6
{[%clk 0:01:59]} Qxd6 {[%clk 0:00:58]} 27. Bxb7 {[%clk 0:02:04]} cxb4
{[%clk 0:01:03]} 28. Bxa8 {[%clk 0:02:05]} Rxa8 {[%clk 0:01:11]} 29. Qxb4
{[%clk 0:01:55]} Qxb4 {[%clk 0:01:04]} 30. Rxb4 {[%clk 0:02:03]} Bxd3
{[%clk 0:01:12]} 31. Rb7 {[%clk 0:02:02]} f6 {[%clk 0:00:53]} 32. Ne6
{[%clk 0:02:01]} Bh6 {[%clk 0:00:48]} 33. Nc7 {[%clk 0:01:18]} Rc8
{[%clk 0:00:48]} 34. Rxa7 {[%clk 0:01:00]} Bf8 {[%clk 0:00:57]} 35. Ra8
{[%clk 0:00:57]} Rxa8 {[%clk 0:00:58]} 36. Nxa8 {[%clk 0:01:06]} e4
{[%clk 0:00:57]} 37. a4 {[%clk 0:01:07]} Kf7 {[%clk 0:01:01]} 38. Rc6
{[%clk 0:01:01]} Bb4 {[%clk 0:01:05]} 39. Nc7 {[%clk 0:01:04]} Ba5
{[%clk 0:00:52]} 40. Nd5 {[%clk 0:01:09]} f5 {[%clk 0:00:58]} 41. Rf6+
{[%clk 0:01:14]} Kg7 {[%clk 0:01:05]} 42. Rd6 {[%clk 0:01:18]} Bc2
{[%clk 0:01:10]} 43. Nf4 {[%clk 0:01:22]} Bb4 {[%clk 0:01:12]} 44. Rxg6+
{[%clk 0:01:29]} Kf7 {[%clk 0:01:20]} 45. Ra6 {[%clk 0:01:33]} Bd1
{[%clk 0:01:18]} 46. Ra7+ {[%clk 0:01:40]} Kf6 {[%clk 0:01:26]} 47. Nd5+
{[%clk 0:01:48]} 1-0

[Event "TeamRussiawomen"]
[Site "?"]
[Date "2016.10.05"]
[Round "3.4"]
[White "Potapova, Margarita"]
[Black "Gvanceladze, Anna"]
[Result "0-1"]
[LiveChessVersion "1.4.4"]
[BlackElo "2140"]
[WhiteElo "2002"]

1. d4 {[%clk 0:15:18]} Nf6 {[%clk 0:15:16]} 2. c4 {[%clk 0:15:25]} e6
{[%clk 0:15:25]} 3. g3 {[%clk 0:15:30]} Bb4+ {[%clk 0:15:30]} 4. Bd2
{[%clk 0:15:38]} Qe7 {[%clk 0:15:30]} 5. Nf3 {[%clk 0:15:11]} Nc6
{[%clk 0:15:20]} 6. Nc3 {[%clk 0:15:14]} O-O {[%clk 0:14:52]} 7. Bg2
{[%clk 0:15:11]} d6 {[%clk 0:14:31]} 8. O-O {[%clk 0:15:11]} Bxc3
{[%clk 0:14:13]} 9. Bxc3 {[%clk 0:15:18]} e5 {[%clk 0:13:37]} 10. d5
{[%clk 0:14:23]} Nb8 {[%clk 0:13:46]} 11. Qc2 {[%clk 0:13:25]} a5
{[%clk 0:13:42]} 12. Nh4 {[%clk 0:12:14]} Re8 {[%clk 0:12:58]} 13. Nf5
{[%clk 0:11:40]} Bxf5 {[%clk 0:12:13]} 14. Qxf5 {[%clk 0:11:48]} Nbd7
{[%clk 0:12:20]} 15. h4 {[%clk 0:11:24]} Nc5 {[%clk 0:12:17]} 16. Bd2
{[%clk 0:10:09]} Qd7 {[%clk 0:11:11]} 17. Qc2 {[%clk 0:09:28]} b5
{[%clk 0:08:00]} 18. Be3 {[%clk 0:08:47]} Na6 {[%clk 0:06:26]} 19. a3
{[%clk 0:08:16]} bxc4 {[%clk 0:06:22]} 20. Qxc4 {[%clk 0:08:15]} Reb8
{[%clk 0:06:29]} 21. b4 {[%clk 0:04:28]} Qb5 {[%clk 0:06:37]} 22. Rfc1
{[%clk 0:04:12]} Qxc4 {[%clk 0:05:17]} 23. Rxc4 {[%clk 0:04:19]} Rb5
{[%clk 0:05:26]} 24. bxa5 {[%clk 0:03:55]} Rab8 {[%clk 0:03:46]} 25. Rc6
{[%clk 0:02:37]} Rxa5 {[%clk 0:02:58]} 26. a4 {[%clk 0:02:34]} Nb4
{[%clk 0:02:58]} 27. Rxc7 {[%clk 0:02:21]} Nbxd5 {[%clk 0:02:52]} 28. Rc6
{[%clk 0:02:18]} Nxe3 {[%clk 0:02:36]} 29. fxe3 {[%clk 0:02:25]} d5
{[%clk 0:02:24]} 30. Rac1 {[%clk 0:02:14]} h5 {[%clk 0:01:21]} 31. Rd6
{[%clk 0:02:03]} e4 {[%clk 0:01:16]} 32. Bh3 {[%clk 0:01:25]} Rxa4
{[%clk 0:01:15]} 33. Rc8+ {[%clk 0:00:56]} Rxc8 {[%clk 0:01:22]} 34. Bxc8
{[%clk 0:01:04]} Kf8 {[%clk 0:01:09]} 35. Bh3 {[%clk 0:00:49]} Ke7
{[%clk 0:01:09]} 36. Rb6 {[%clk 0:00:57]} Ra7 {[%clk 0:01:06]} 37. Kf2
{[%clk 0:00:55]} Rc7 {[%clk 0:01:01]} 38. Ra6 {[%clk 0:00:57]} Ng4+
{[%clk 0:00:41]} 39. Bxg4 {[%clk 0:01:01]} hxg4 {[%clk 0:00:50]} 40. Rb6
{[%clk 0:01:00]} Rd7 {[%clk 0:00:58]} 41. Ra6 {[%clk 0:01:05]} Rd6
{[%clk 0:01:07]} 42. Ra7+ {[%clk 0:01:13]} Kf6 {[%clk 0:01:16]} 43. Rb7
{[%clk 0:01:10]} Kg6 {[%clk 0:01:10]} 44. Rc7 {[%clk 0:01:05]} Rf6+
{[%clk 0:01:18]} 45. Kg2 {[%clk 0:01:13]} Rf5 {[%clk 0:01:25]} 46. Rc6+
{[%clk 0:01:17]} Kh7 {[%clk 0:01:30]} 47. Rd6 {[%clk 0:01:12]} g6
{[%clk 0:01:27]} 48. Rc6 {[%clk 0:01:10]} Kg7 {[%clk 0:01:36]} 49. Rd6
{[%clk 0:01:17]} Kf8 {[%clk 0:01:44]} 50. Ra6 {[%clk 0:01:18]} Ke7
{[%clk 0:01:54]} 51. Ra7+ {[%clk 0:00:55]} Kd6 {[%clk 0:02:02]} 52. Ra1
{[%clk 0:00:24]} Kc5 {[%clk 0:02:05]} 53. Rc1+ {[%clk 0:00:32]} Kb4
{[%clk 0:02:14]} 54. Rc7 {[%clk 0:00:39]} Kb3 {[%clk 0:02:11]} 55. Rc8
{[%clk 0:00:41]} Kb4 {[%clk 0:02:10]} 56. Rc7 {[%clk 0:00:49]} Kb5
{[%clk 0:02:19]} 57. Rc8 {[%clk 0:00:54]} Rf6 {[%clk 0:01:57]} 58. Rd8
{[%clk 0:00:46]} Kc5 {[%clk 0:02:02]} 59. Rc8+ {[%clk 0:00:55]} Rc6
{[%clk 0:01:58]} 60. Rf8 {[%clk 0:01:01]} Rc7 {[%clk 0:02:06]} 61. Ra8
{[%clk 0:00:53]} Kc4 {[%clk 0:02:15]} 62. Ra1 {[%clk 0:00:57]} Kb3
{[%clk 0:01:46]} 63. Rd1 {[%clk 0:00:59]} Rc5 {[%clk 0:00:54]} 64. Rf1
{[%clk 0:00:35]} Rc2 {[%clk 0:00:44]} 65. Kf2 {[%clk 0:00:37]} Kc3
{[%clk 0:00:25]} 66. Rd1 {[%clk 0:00:41]} Rd2 {[%clk 0:00:33]} 67. Rc1+
{[%clk 0:00:47]} Rc2 {[%clk 0:00:42]} 68. Rd1 {[%clk 0:00:56]} Kc4
{[%clk 0:00:43]} 69. Rd4+ {[%clk 0:00:55]} Kc5 {[%clk 0:00:53]} 70. Rd1
{[%clk 0:01:03]} Rc3 {[%clk 0:00:55]} 71. Rd2 {[%clk 0:00:47]} Rc1
{[%clk 0:01:01]} 72. Kg2 {[%clk 0:00:45]} Rc4 {[%clk 0:01:06]} 73. Kf2
{[%clk 0:00:23]} d4 {[%clk 0:01:15]} 74. exd4+ {[%clk 0:00:32]} Rxd4
{[%clk 0:01:24]} 75. Rc2+ {[%clk 0:00:40]} Rc4 {[%clk 0:01:33]} 76. Ra2
{[%clk 0:00:44]} Rc3 {[%clk 0:01:23]} 77. e3 {[%clk 0:00:18]} Kd5
{[%clk 0:01:26]} 78. Rd2+ {[%clk 0:00:24]} Ke5 {[%clk 0:01:32]} 79. Ra2
{[%clk 0:00:27]} Rd3 {[%clk 0:01:39]} 80. Ra5+ {[%clk 0:00:33]} Rd5
{[%clk 0:01:48]} 81. Ra2 {[%clk 0:00:41]} Ke6 {[%clk 0:01:35]} 82. Ra6+
{[%clk 0:00:46]} Rd6 {[%clk 0:01:40]} 83. Ra2 {[%clk 0:00:54]} Kd5
{[%clk 0:01:23]} 84. Rc2 {[%clk 0:00:41]} Rf6+ {[%clk 0:01:30]} 85. Kg2
{[%clk 0:00:39]} Rc6 {[%clk 0:01:12]} 86. Rd2+ {[%clk 0:00:45]} Ke5
{[%clk 0:01:14]} 87. Ra2 {[%clk 0:00:37]} Rc3 {[%clk 0:01:11]} 88. Kf2
{[%clk 0:00:42]} Kd5 {[%clk 0:01:19]} 89. Rd2+ {[%clk 0:00:45]} Rd3
{[%clk 0:01:20]} 90. Rc2 {[%clk 0:00:46]} Ra3 {[%clk 0:01:03]} 91. Rd2+
{[%clk 0:00:50]} Kc5 {[%clk 0:00:43]} 92. Rc2+ {[%clk 0:00:24]} Kb4
{[%clk 0:00:43]} 93. Ke2 {[%clk 0:00:18]} Rc3 {[%clk 0:00:34]} 94. Rb2+
{[%clk 0:00:24]} Kc4 {[%clk 0:00:39]} 95. Rd2 {[%clk 0:00:27]} Kb3
{[%clk 0:00:34]} 96. Rd7 {[%clk 0:00:17]} Rc2+ {[%clk 0:00:29]} 97. Kf1
{[%clk 0:00:20]} Kc3 {[%clk 0:00:34]} 98. Rd4 {[%clk 0:00:16]} f5
{[%clk 0:00:31]} 99. Rd6 {[%clk 0:00:25]} Rh2 {[%clk 0:00:27]} 100. Rd8
{[%clk 0:00:14]} Rd2 {[%clk 0:00:31]} 101. Rg8 {[%clk 0:00:17]} Kd3
{[%clk 0:00:38]} 102. Rxg6 {[%clk 0:00:21]} Kxe3 {[%clk 0:00:47]} 103. h5
{[%clk 0:00:17]} Kf3 {[%clk 0:00:49]} 104. Ke1 {[%clk 0:00:25]} Re2+
{[%clk 0:00:49]} 105. Kf1 {[%clk 0:00:31]} Rh2 {[%clk 0:00:57]} 106. Ke1
{[%clk 0:00:34]} Rxh5 {[%clk 0:01:05]} 0-1

[Event "TeamRussiawomen"]
[Site "?"]
[Date "2016.10.05"]
[Round "3.5"]
[White "Sukhareva, Evgeniya"]
[Black "Afanasieva, Alexandra"]
[Result "1-0"]
[LiveChessVersion "1.4.4"]
[BlackElo "1843"]
[WhiteElo "2307"]

1. d4 {[%clk 0:15:18]} Nf6 {[%clk 0:15:20]} 2. c4 {[%clk 0:15:27]} e6
{[%clk 0:15:28]} 3. Nf3 {[%clk 0:15:35]} Bb4+ {[%clk 0:15:37]} 4. Nbd2
{[%clk 0:15:38]} O-O {[%clk 0:15:34]} 5. a3 {[%clk 0:15:46]} Bxd2+
{[%clk 0:15:23]} 6. Qxd2 {[%clk 0:15:54]} d5 {[%clk 0:15:31]} 7. Qc2
{[%clk 0:15:42]} h6 {[%clk 0:15:14]} 8. Bf4 {[%clk 0:15:37]} c6 {[%clk 0:14:57]}
9. h3 {[%clk 0:15:38]} dxc4 {[%clk 0:14:48]} 10. Qxc4 {[%clk 0:15:42]} Qd5
{[%clk 0:14:06]} 11. Qc2 {[%clk 0:14:40]} Nbd7 {[%clk 0:13:24]} 12. e3
{[%clk 0:14:35]} c5 {[%clk 0:12:00]} 13. dxc5 {[%clk 0:08:10]} Qxc5
{[%clk 0:07:08]} 14. Qxc5 {[%clk 0:07:26]} Nxc5 {[%clk 0:07:17]} 15. Rc1
{[%clk 0:07:32]} Nce4 {[%clk 0:07:01]} 16. Ne5 {[%clk 0:06:24]} b6
{[%clk 0:05:24]} 17. f3 {[%clk 0:05:10]} Nc5 {[%clk 0:05:24]} 18. b4
{[%clk 0:04:41]} Ncd7 {[%clk 0:05:25]} 19. e4 {[%clk 0:01:20]} Nxe5
{[%clk 0:03:44]} 20. Bxe5 {[%clk 0:01:27]} Bd7 {[%clk 0:02:28]} 21. Ba6
{[%clk 0:01:20]} Bc8 {[%clk 0:02:07]} 22. Be2 {[%clk 0:01:09]} Bd7
{[%clk 0:01:51]} 23. O-O {[%clk 0:00:42]} Rac8 {[%clk 0:01:54]} 24. Ba6
{[%clk 0:00:48]} Rxc1 {[%clk 0:01:32]} 25. Rxc1 {[%clk 0:00:57]} Ba4
{[%clk 0:00:57]} 26. Rc7 {[%clk 0:00:25]} Ra8 {[%clk 0:00:44]} 27. Bb7
{[%clk 0:00:17]} Rd8 {[%clk 0:00:45]} 28. Ba6 {[%clk 0:00:26]} Rd7
{[%clk 0:00:34]} 29. Rc8+ {[%clk 0:00:30]} Kh7 {[%clk 0:00:42]} 30. Ra8
{[%clk 0:00:24]} Bc6 {[%clk 0:00:42]} 31. Rb8 {[%clk 0:00:29]} Rd1+
{[%clk 0:00:39]} 32. Kh2 {[%clk 0:00:37]} Rd7 {[%clk 0:00:16]} 33. b5
{[%clk 0:00:43]} Bxe4 {[%clk 0:00:12]} 34. fxe4 {[%clk 0:00:52]} Nxe4
{[%clk 0:00:21]} 35. Bb7 {[%clk 0:00:50]} Nc5 {[%clk 0:00:21]} 36. Bf3
{[%clk 0:00:42]} Rd3 {[%clk 0:00:21]} 37. Rc8 {[%clk 0:00:49]} Rxa3
{[%clk 0:00:25]} 38. Rc7 {[%clk 0:00:56]} Nd3 {[%clk 0:00:15]} 39. Be4+
{[%clk 0:00:57]} 1-0

[Event "TeamRussiawomen"]
[Site "?"]
[Date "2016.10.05"]
[Round "3.6"]
[White "Girshgorn, Maria"]
[Black "Drozdova, Dina"]
[Result "0-1"]
[LiveChessVersion "1.4.4"]
[BlackElo "2244"]
[WhiteElo "1738"]

1. d4 {[%clk 0:15:18]} g6 {[%clk 0:15:12]} 2. c4 {[%clk 0:15:25]} Bg7
{[%clk 0:15:21]} 3. Nc3 {[%clk 0:15:31]} c5 {[%clk 0:15:29]} 4. Nf3
{[%clk 0:15:35]} cxd4 {[%clk 0:15:31]} 5. Nxd4 {[%clk 0:15:35]} Nc6
{[%clk 0:15:39]} 6. e3 {[%clk 0:15:23]} Nf6 {[%clk 0:15:39]} 7. Bd3
{[%clk 0:15:00]} O-O {[%clk 0:15:39]} 8. O-O {[%clk 0:15:03]} Nxd4
{[%clk 0:15:36]} 9. exd4 {[%clk 0:15:10]} d5 {[%clk 0:15:44]} 10. h3
{[%clk 0:13:44]} Be6 {[%clk 0:15:36]} 11. c5 {[%clk 0:13:26]} b6 {[%clk 0:15:16]}
12. cxb6 {[%clk 0:12:10]} Qxb6 {[%clk 0:15:09]} 13. Be2 {[%clk 0:08:52]} Ne4
{[%clk 0:13:57]} 14. Bf3 {[%clk 0:08:02]} Bxd4 {[%clk 0:12:14]} 15. Nxe4
{[%clk 0:06:16]} dxe4 {[%clk 0:12:21]} 16. Bxe4 {[%clk 0:06:24]} Rac8
{[%clk 0:12:15]} 17. Qf3 {[%clk 0:05:08]} Rfd8 {[%clk 0:11:53]} 18. a3
{[%clk 0:02:16]} Bc4 {[%clk 0:09:28]} 19. Re1 {[%clk 0:01:35]} f5
{[%clk 0:08:41]} 20. Bc2 {[%clk 0:00:58]} Bd5 {[%clk 0:08:43]} 21. Qe2
{[%clk 0:00:51]} Bxf2+ {[%clk 0:08:44]} 22. Qxf2 {[%clk 0:00:51]} Qxf2+
{[%clk 0:08:53]} 23. Kxf2 {[%clk 0:01:00]} Rxc2+ {[%clk 0:09:01]} 24. Kg1
{[%clk 0:00:51]} Rdc8 {[%clk 0:07:08]} 0-1